| 000 | 00389nam a2200157Ia 4500 | ||
|---|---|---|---|
| 008 | 230917s9999||||xx |||||||||||||| ||und|| | ||
| 020 | _cRS13.16 | ||
| 040 |
_e37628 _aMAIN |
||
| 041 | _aEnglish | ||
| 082 | _a823.7 T325W:T | ||
| 100 | _aThackeray | ||
| 245 | 0 | _aThackeray: a collection of critical essays | |
| 260 |
_aNew Jersey _bPrentice-Hall _c1968 |
||
| 300 | _a184 p. | ||
| 942 | _cBK | ||
| 999 |
_c42779 _d42779 |
||